THE BUSINESS SCHOOL FOR PEOPLE WHO LIKE HELPING PEOPLE (Record no. 8498)

MARC details
000 -LEADER
fixed length control field 00393nam a22001457a 4500
005 - DATE AND TIME OF LATEST TRANSACTION
control field 20240130111808.0
008 - FIXED-LENGTH DATA ELEMENTS--GENERAL INFORMATION
fixed length control field 240130b |||||||| |||| 00| 0 eng d
020 ## - INTERNATIONAL STANDARD BOOK NUMBER
ISBN 81-86775-22-6
041 ## - LANGUAGE CODE
Language code of text/sound track or separate title eng
100 ## - MAIN ENTRY--AUTHOR NAME
Personal name KIYOSAKI, ROBERT T.
245 ## - TITLE STATEMENT
Title THE BUSINESS SCHOOL FOR PEOPLE WHO LIKE HELPING PEOPLE
260 ## - PUBLICATION, DISTRIBUTION, ETC. (IMPRINT)
Place of publication BHOPAL
Name of publisher MANJUL PUBLISHING HOUSE
Year of publication 2001
300 ## - PHYSICAL DESCRIPTION
Number of Pages 120;P
942 ## - ADDED ENTRY ELEMENTS (KOHA)
Koha item type Books
Holdings
Lost status Damaged status Home library Current library Date acquired Source of acquisition Accession Number Koha item type
    JRU Library JRU Library 25/01/2020 DONATION 23601 Books